APPLIED SOCIOLOGY FOR NURSES (Record no. 24922)

MARC details
000 -LEADER
fixed length control field 00385nam a22001697a 4500
003 - CONTROL NUMBER IDENTIFIER
control field SGT
020 ## - INTERNATIONAL STANDARD BOOK NUMBER
International Standard Book Number 9789354656934
082 ## - DEWEY DECIMAL CLASSIFICATION NUMBER
Classification number 301
Item number A23S
100 ## - MAIN ENTRY--PERSONAL NAME
Personal name SREEVANI, R.
245 ## - TITLE STATEMENT
Title APPLIED SOCIOLOGY FOR NURSES
250 ## - EDITION STATEMENT
Edition statement 1ST
260 ## - PUBLICATION, DISTRIBUTION, ETC. (IMPRINT)
Place of publication, distribution, etc INDIA
Name of publisher, distributor, etc JAYPEE PUB
Year of Publication 2023
300 ## - PAGE DESCRIPTION
No. of Pages 209
650 ## - SUBJECT ADDED ENTRY--TOPICAL TERM
Topical term or geographic name as entry element SOCIOLOGY
653 ## - KEYWORDS--INDEX TERM
Keyword term APPLIED SOCIOLOGY FOR NURSES
942 ## - ADDED ENTRY ELEMENTS (KOHA)
Source of classification or shelving scheme Dewey Decimal Classification
Koha item type Books
942 ## - ADDED ENTRY ELEMENTS (KOHA)
-- 162
Holdings
Withdrawn status Lost status Source of classification or shelving scheme Damaged status Not for loan Collection code Home library Current library Shelving location Date acquired Vendor Name Cost, normal purchase price SGTU Bill Number Total Checkouts Full call number Accession No. (Barcode) Date last seen Date last borrowed Bill Date Koha item type Total Renewals
    Dewey Decimal Classification     NURSING SGT Medical Library SGT Medical Library Reference Book 02/09/2023 ABC DELHI 495.00 SGTU 16927 4 301 A23S FN5156 10/01/2026 23/12/2025 20/06/2023 Books  
    Dewey Decimal Classification     NURSING SGT Medical Library SGT Medical Library Text Book 02/09/2023 ABC DELHI 495.00 SGTU 16927 26 301 A23S FN5157 10/01/2026 25/12/2025 20/06/2023 Books  
    Dewey Decimal Classification     NURSING SGT Medical Library SGT Medical Library Text Book 02/09/2023 ABC DELHI 495.00 SGTU 16927 23 301 A23S FN5158 10/01/2026 25/12/2025 20/06/2023 Books  
    Dewey Decimal Classification     NURSING SGT Medical Library SGT Medical Library Text Book 02/09/2023 ABC DELHI 495.00 SGTU 16927 26 301 A23S FN5159 19/01/2026 24/12/2025 20/06/2023 Books  
    Dewey Decimal Classification     NURSING SGT Medical Library SGT Medical Library Text Book 02/09/2023 ABC DELHI 495.00 SGTU 16927 23 301 A23S FN5160 15/01/2026 25/12/2025 20/06/2023 Books 1
    Dewey Decimal Classification     NURSING SGT Medical Library SGT Medical Library Text Book 02/09/2023 ABC DELHI 495.00 SGTU 16927 21 301 A23S FN5161 10/01/2026 18/12/2025 20/06/2023 Books 1
    Dewey Decimal Classification     NURSING SGT Medical Library SGT Medical Library Text Book 02/09/2023 ABC DELHI 495.00 SGTU 16927 24 301 A23S FN5162 12/01/2026 23/12/2025 20/06/2023 Books  
    Dewey Decimal Classification     NURSING SGT Medical Library SGT Medical Library Text Book 02/09/2023 ABC DELHI 495.00 SGTU 16927 24 301 A23S FN5163 10/01/2026 23/12/2025 20/06/2023 Books  
    Dewey Decimal Classification     NURSING SGT Medical Library SGT Medical Library Text Book 02/09/2023 ABC DELHI 495.00 SGTU 16927 23 301 A23S FN5164 10/01/2026 25/12/2025 20/06/2023 Books 2
    Dewey Decimal Classification     NURSING SGT Medical Library SGT Medical Library Text Book 02/09/2023 ABC DELHI 495.00 SGTU 16927 24 301 A23S FN5165 10/01/2026 22/12/2025 20/06/2023 Books